<?xml version="1.0" encoding="UTF-8"?>
<collection xmlns="http://www.loc.gov/MARC21/slim">
 <record>
  <leader>00831pamaa2200193   4500</leader>
  <controlfield tag="001">0000047075</controlfield>
  <controlfield tag="005">20121212090000.0</controlfield>
  <controlfield tag="008">100524                             eng  </controlfield>
  <datafield tag="020" ind1="0" ind2="0">
   <subfield code="a">9780340965528 (CD-ROM) </subfield>
  </datafield>
  <datafield tag="090" ind1="0" ind2="0">
   <subfield code="a">TA330 </subfield>
   <subfield code="b">LEE 2008</subfield>
  </datafield>
  <datafield tag="100" ind1="1" ind2="0">
   <subfield code="a">Lee </subfield>
  </datafield>
  <datafield tag="245" ind1="1" ind2="3">
   <subfield code="a">An introduction to mathematics for engineers [</subfield>
   <subfield code="m">CD-ROM] : </subfield>
   <subfield code="b">mechanics  </subfield>
   <subfield code="c">Stephen Lee.</subfield>
  </datafield>
  <datafield tag="260" ind1="0" ind2="0">
   <subfield code="a">London: </subfield>
   <subfield code="b">Hodder Education, </subfield>
   <subfield code="c">2008.</subfield>
  </datafield>
  <datafield tag="300" ind1=" " ind2=" ">
   <subfield code="a">1 CD-ROM; </subfield>
   <subfield code="c">4.5 inch.</subfield>
  </datafield>
  <datafield tag="500" ind1="0" ind2="0">
   <subfield code="a">To accompany textbook titled &quot;An introduction to mathematics for engineers : mechanics / Stephen Lee&quot;</subfield>
  </datafield>
  <datafield tag="501" ind1="0" ind2="0">
   <subfield code="a">FOEAT</subfield>
  </datafield>
  <datafield tag="520" ind1=" " ind2=" ">
   <subfield code="a">Minimum System Requirements for CD-ROM: Microscoft Windows 2000 or XP; 510 MB ram; 200 MB hard disk space; screen resolution 800 x 600 or higher; 12x CD-ROM driver (or faster)</subfield>
  </datafield>
  <datafield tag="650" ind1="0" ind2="0">
   <subfield code="a">Engineering mathematics </subfield>
  </datafield>
  <datafield tag="901" ind1=" " ind2=" ">
   <subfield code="u">www.hodderducation.co.uk</subfield>
  </datafield>
 </record>
</collection>
